000 00869nas a2200289 4500
001 BR0807569
003 BR-BrBNA
005 20231205112708.0
007 ta
008 230509b bl.|||p| |||| 00| 00por d
040 _aBR-BrBNA
_bpor
_cBiblioteca Nacional de Agricultura
041 _a(En)
072 _aF60
100 1 _aSilva, S.L.
100 1 _aSilveira, J.A.G.
100 1 _aVoigt, E.L.
100 1 _aSoares, L.S.P.
100 1 _aViégas, R.A.
245 1 _aChanges in physiological indicators associated with salt tolerance in two contrasting cashew rootstocks
650 _aCAJU
650 _aFISIOLOGIA VEGETAL
650 _aSAL
650 _aDANO
773 0 _tBrazilian Journal of Plant Physiology (Brazil)
_xISSN 1677-0420
_g(Jan-Mar 2008), v. 20(1) p. 51-59
_wBR0807569
909 _a202311
_bLúcia
_c55
_dLúcia Elande
942 _2AGRIS
_n0
_cANA
999 _c199423
_d199423